000
00322nom a2200121 4500
001
0000018671
005
20151217152132.0
008
100323s xx --- bneng d
020
_c
$
245
_a
Kabarak University New Library Building
_h
[kit] :
_b
13th September 2006.
908
_a
100323
999
_c
8614
_d
8614